[Event "PRO League Group Stage"]
[Site "chess.com INT"]
[Date "2018.03.07"]
[Round "9"]
[White "Bacrot, Etienne"]
[Black "Rendle, Thomas E"]
[Result "1-0"]
[WhiteTitle "GM"]
[BlackTitle "IM"]
[WhiteElo "2722"]
[BlackElo "2362"]
[WhiteTeam "Marseille Migraines"]
[BlackTeam "London Towers"]
[WhiteFideId "605506"]
[BlackFideId "408760"]
[EventDate "2018.01.18"]

1. d4 f5 2. Nc3 Nf6 3. Bg5 d5 4. e3 e6 5. Nf3 Be7 6. Bd3 O-O 7. Ne2 Ne4 8. Bf4
b6 9. c4 Bb4+ 10. Kf1 Be7 11. Rc1 c5 12. Nc3 Bb7 13. h4 Nd7 14. Nb5 Ndf6 15. Nc7
Ng4 16. Bxe4 dxe4 17. Nxe6 exf3 18. gxf3 Qd7 19. d5 Nf6 20. Rg1 Nh5 21. Be5 Bf6
22. f4 Qf7 23. Bxf6 Nxf6 24. Rxg7+ Qxg7 25. Nxg7 Kxg7 26. f3 Rae8 27. Kf2 Kf7
28. Qd3 Bc8 29. Rg1 Rg8 30. Rxg8 Kxg8 31. Qa3 Re7 32. b4 cxb4 33. Qxb4 Kf7 34.
Qd6 Nd7 35. Qc7 Ba6 36. d6 1-0

[Event "PRO League Group Stage"]
[Site "chess.com INT"]
[Date "2018.03.07"]
[Round "9"]
[White "Banusz, Tamas"]
[Black "Tomb, Maroun"]
[Result "1-0"]
[WhiteTitle "GM"]
[WhiteElo "2641"]
[BlackElo "2182"]
[WhiteTeam "Webster Windmills"]
[BlackTeam "Montreal Chessbrahs"]
[WhiteFideId "722413"]
[BlackFideId "5300398"]
[EventDate "2018.01.18"]

1. Nf3 c5 2. c4 Nc6 3. d4 cxd4 4. Nxd4 g6 5. e4 Bg7 6. Be3 Nf6 7. Nc3 O-O 8. Be2
d6 9. O-O Bd7 10. Nc2 Rc8 11. f3 a6 12. Qd2 Na5 13. Na3 Be6 14. Nd5 Bxd5 15.
cxd5 b5 16. Rac1 Nb7 17. Nc2 Nd7 18. Nb4 Ne5 19. Nxa6 Nc4 20. Bxc4 bxc4 21. Nb4
Qd7 22. Nc6 Nd8 23. Rxc4 Nxc6 24. dxc6 Rxc6 25. Rxc6 Qxc6 26. Rc1 Qa6 27. b3 Ra8
28. Rc2 h5 29. g3 e6 30. Kg2 Rd8 31. Qe2 Qa5 32. Qc4 d5 33. Qc7 Qa8 34. exd5
exd5 35. Bb6 Re8 36. Qa7 d4 37. Qxa8 Rxa8 38. a4 Ra6 39. a5 d3 40. Rc8+ Kh7 41.
Kf1 1-0

[Event "PRO League Group Stage"]
[Site "chess.com INT"]
[Date "2018.03.07"]
[Round "9"]
[White "Banusz, Tamas"]
[Black "Saric, Ivan"]
[Result "0-1"]
[WhiteTitle "GM"]
[BlackTitle "GM"]
[WhiteElo "2641"]
[BlackElo "2664"]
[WhiteTeam "Webster Windmills"]
[BlackTeam "Montreal Chessbrahs"]
[WhiteFideId "722413"]
[BlackFideId "14508150"]
[EventDate "2018.01.18"]

1. Nf3 d5 2. g3 c6 3. c4 Bg4 4. Qb3 Bxf3 5. Qxf3 e6 6. Qb3 Qd7 7. Bg2 Nf6 8. O-O
h5 9. h3 d4 10. d3 h4 11. g4 Na6 12. Qc2 e5 13. Nd2 Bd6 14. Nf3 Nxg4 15. e3 dxe3
16. fxe3 Nf6 17. d4 e4 18. Ng5 Nb4 19. Qb3 Rh5 20. Nxe4 Nxe4 21. c5 Rg5 22. cxd6
Nd5 23. Qc2 f5 24. Bd2 Qxd6 25. Rf3 Qg6 26. Be1 Qh5 27. Kh1 O-O-O 28. b4 Rd6 29.
Rxf5 Rxf5 30. Qxe4 Qf7 31. Bd2 Rg6 32. Rg1 Rf2 33. Be1 Rfxg2 34. Rxg2 Qf1+ 35.
Kh2 Rxg2+ 36. Qxg2 Qxe1 37. Qg4+ Kb8 38. e4 Qf2+ 39. Kh1 Nf4 0-1

[Event "PRO League Group Stage"]
[Site "chess.com INT"]
[Date "2018.03.07"]
[Round "9"]
[White "Yanchenko, Roman"]
[Black "Vachier-Lagrave, Maxime"]
[Result "1/2-1/2"]
[WhiteTitle "FM"]
[BlackTitle "GM"]
[WhiteElo "2436"]
[BlackElo "2793"]
[WhiteTeam "London Towers"]
[BlackTeam "Marseille Migraines"]
[WhiteFideId "4137329"]
[BlackFideId "623539"]
[EventDate "2018.01.18"]

1. d4 Nf6 2. Nf3 g6 3. c4 Bg7 4. Bf4 c5 5. e3 cxd4 6. exd4 d5 7. Nc3 O-O 8. Be2
dxc4 9. Bxc4 Bg4 10. O-O Nbd7 11. Be2 Rc8 12. h3 Bf5 13. g4 Be4 14. g5 Nd5 15.
Bd2 Nxc3 16. bxc3 e5 17. Re1 exd4 18. Nxd4 Re8 19. Bg4 Rc5 20. Qa4 Nb6 21. Qxa7
Rce5 22. Bf4 R5e7 23. Rad1 Nd5 24. Nb5 Bc2 25. Rxe7 Qxe7 26. Rxd5 Qe1+ 27. Kh2
Qf1 28. Rd2 h5 29. gxh6 Re1 30. Kg3 Bf6 31. f3 g5 32. Bc7 Bg6 33. Qf2 Qh1 34.
Qh2 Qf1 35. Qf2 Qh1 36. Qh2 Qf1 37. Qf2 1/2-1/2

[Event "PRO League Group Stage"]
[Site "chess.com INT"]
[Date "2018.03.07"]
[Round "9"]
[White "Yanchenko, Roman"]
[Black "Maurizzi, Marc Andria"]
[Result "1-0"]
[WhiteTitle "FM"]
[BlackTitle "CM"]
[WhiteElo "2436"]
[BlackElo "2018"]
[WhiteTeam "London Towers"]
[BlackTeam "Marseille Migraines"]
[WhiteFideId "4137329"]
[BlackFideId "36083534"]
[EventDate "2018.01.18"]

1. d4 Nf6 2. c4 e6 3. Nf3 Bb4+ 4. Bd2 Be7 5. e3 O-O 6. Bd3 b6 7. O-O Bb7 8. Nc3
d6 9. Qe2 c5 10. Rfd1 Nbd7 11. a3 Rc8 12. Rac1 Re8 13. h3 Bf8 14. b4 e5 15. dxe5
dxe5 16. Bf5 g6 17. Bxd7 Qxd7 18. Be1 Qe6 19. b5 Bg7 20. e4 h6 21. Nd5 Nxd5 22.
cxd5 Qd6 23. Bc3 Rc7 24. a4 c4 25. Qb2 a5 26. bxa6 Bxa6 27. Rb1 Rb7 28. Qa1 f6
29. Qa2 Rc8 30. Qe2 g5 31. Nd2 Qd7 32. Nf1 Bf8 33. Ne3 b5 34. axb5 Rxb5 35. Nf5
Rcb8 36. Ra1 Bc8 37. Rac1 Ba6 38. Qxc4 Rc8 39. Qa2 Bb7 40. Bd2 Bxd5 41. exd5
Qxf5 42. d6+ Kh8 43. Qf7 Rbb8 44. Rxc8 Qxc8 45. Ba5 Qc2 46. Rf1 Qc5 47. Bc7 Rc8
48. Qxf6+ Bg7 49. d7 Qxc7 50. dxc8=Q+ Qxc8 51. Qg6 Qc7 52. Rd1 1-0

[Event "PRO League Group Stage"]
[Site "chess.com INT"]
[Date "2018.03.07"]
[Round "9"]
[White "Fedoseev, Vladimir3"]
[Black "Perez Ponsa, Federico"]
[Result "1-0"]
[WhiteTitle "GM"]
[BlackTitle "GM"]
[WhiteElo "2724"]
[BlackElo "2553"]
[WhiteTeam "Saint Louis Arch Bishops"]
[BlackTeam "Buenos Aires Krakens"]
[WhiteFideId "24130737"]
[BlackFideId "117927"]
[EventDate "2018.01.18"]

1. e4 c6 2. d4 d5 3. e5 c5 4. dxc5 Nc6 5. f4 Nh6 6. Nf3 Bf5 7. c3 e6 8. Be3 Ng4
9. Bg1 Be7 10. Nbd2 O-O 11. Be2 f6 12. h3 Nh6 13. exf6 gxf6 14. g4 Bg6 15. Be3
Nf7 16. b4 a6 17. Nf1 Qc7 18. Ng3 Ng5 19. Nd4 Rae8 20. h4 Nxd4 21. cxd4 Ne4 22.
Nxe4 Bxe4 23. Bf3 f5 24. g5 b6 25. O-O bxc5 26. dxc5 Rb8 27. a3 Rfd8 28. Rc1 a5
29. Bd2 Bf8 30. Qe2 axb4 31. axb4 Ra8 32. Ra1 Bg7 33. Rxa8 Rxa8 34. Bxe4 fxe4
35. Qg4 Qf7 36. f5 exf5 37. Rxf5 Ra1+ 38. Kg2 Qe8 39. Rxd5 e3 40. Qc4 Kh8 41.
Bxe3 Re1 42. Bf2 Re4 43. Rd8 1-0

[Event "PRO League Group Stage"]
[Site "chess.com INT"]
[Date "2018.03.07"]
[Round "9"]
[White "Fedoseev, Vladimir3"]
[Black "Villanueva, Mario"]
[Result "1-0"]
[WhiteTitle "GM"]
[BlackTitle "IM"]
[WhiteElo "2724"]
[BlackElo "2466"]
[WhiteTeam "Saint Louis Arch Bishops"]
[BlackTeam "Buenos Aires Krakens"]
[WhiteFideId "24130737"]
[BlackFideId "113433"]
[EventDate "2018.01.18"]

1. Nf3 Nf6 2. g3 c5 3. Bg2 Nc6 4. O-O e5 5. c4 d5 6. cxd5 Nxd5 7. Nc3 Be6 8. d3
Be7 9. Bd2 O-O 10. a3 Rc8 11. Rb1 Nd4 12. Nxe5 Re8 13. e3 Nc6 14. Nxc6 Rxc6 15.
Qc2 b6 16. f4 Nxc3 17. Bxc3 Rd6 18. f5 Bd5 19. e4 Bb7 20. e5 Bxg2 21. exd6 Bxf1
22. dxe7 Qxd3 23. Qxd3 Bxd3 24. Rd1 c4 25. f6 gxf6 26. Bxf6 h6 27. h4 h5 28. Kf2
Kh7 29. g4 hxg4 30. h5 Kh6 31. Rh1 Be4 32. Rh2 Rg8 33. Kg3 Bc6 34. Be5 Kg5 35.
h6 f6 36. Rf2 Bf3 37. Rd2 Bc6 38. h7 Rh8 39. Rd6 fxe5 40. Rxc6 e4 41. Re6 1-0

[Event "PRO League Group Stage"]
[Site "chess.com INT"]
[Date "2018.03.07"]
[Round "9"]
[White "Alekseenko, Kirill"]
[Black "Bordi, Kevin"]
[Result "1-0"]
[WhiteTitle "GM"]
[WhiteElo "2594"]
[BlackElo "2282"]
[WhiteTeam "Stockholm Snowballs"]
[BlackTeam "Cannes Blockbusters"]
[WhiteFideId "4135539"]
[BlackFideId "621862"]
[EventDate "2018.01.18"]

1. d4 Nf6 2. Bf4 d6 3. e3 g6 4. h3 Bg7 5. Nf3 O-O 6. Be2 c5 7. O-O b6 8. c4 Bb7
9. Nc3 Nbd7 10. Bh2 Rc8 11. d5 a6 12. a4 Ne8 13. e4 Nc7 14. Qc2 Rb8 15. Rfe1 Bc8
16. Bf1 Ne5 17. Qe2 Bd7 18. Nxe5 dxe5 19. f4 exf4 20. e5 b5 21. axb5 axb5 22.
Bxf4 bxc4 23. Qd2 Rb4 24. Kh1 Bf5 25. Be3 Qb8 26. Bxc5 Rxb2 27. Qe3 Re8 28. Bxc4
Rc2 29. Ra2 Rxa2 30. Bxa2 Qb2 31. Re2 Qa1+ 32. Kh2 h5 33. Bd4 Qf1 34. e6 Bxd4
35. exf7+ Kxf7 36. Qxd4 e6 37. Rf2 Qa6 38. dxe6+ Nxe6 39. Ne4 Qa8 40. Rxf5+ gxf5
41. Qf6+ Kg8 42. Bxe6+ Kh7 43. Ng5# 1-0

[Event "PRO League Group Stage"]
[Site "chess.com INT"]
[Date "2018.03.07"]
[Round "9"]
[White "Alekseenko, Kirill"]
[Black "Barseghyan, Harutyun"]
[Result "1-0"]
[WhiteTitle "GM"]
[WhiteElo "2594"]
[BlackElo "2467"]
[WhiteTeam "Stockholm Snowballs"]
[BlackTeam "Cannes Blockbusters"]
[WhiteFideId "4135539"]
[BlackFideId "13304585"]
[EventDate "2018.01.18"]

1. e4 e6 2. d4 d5 3. Nd2 h6 4. Bd3 c5 5. dxc5 Nf6 6. Qe2 Be7 7. Ngf3 a5 8. O-O
Na6 9. exd5 Qxd5 10. Ne4 Nxc5 11. Nxc5 Qxc5 12. Be3 Qc7 13. Bd4 O-O 14. Rad1 Bd7
15. Ne5 Bc6 16. c3 a4 17. Nxc6 Qxc6 18. Bb1 a3 19. b3 Rfd8 20. h3 Rd7 21. Bd3
Rdd8 22. Be5 Qc5 23. c4 Kf8 24. Bc3 Rd7 25. Bc2 Rad8 26. Rxd7 Rxd7 27. Rd1 Rxd1+
28. Qxd1 Qd6 29. Qf3 Qc6 30. Qxc6 bxc6 31. Kf1 c5 32. Bd2 Nd7 33. Bc1 f5 34.
Bxa3 Nb8 35. Bb2 Nc6 36. Bd1 e5 37. g4 g6 38. gxf5 gxf5 39. Bc3 Kf7 40. a3 Ke6
41. Kg2 Bd6 42. Bd2 Bf8 43. Kg3 e4 44. Kh4 Ne5 45. Kh5 Nd3 46. f3 Nf2 47. Be2
Ke5 48. fxe4 fxe4 49. h4 Kd4 50. a4 e3 51. Bc1 Nh3 52. Kg4 Ng1 53. Bf1 e2 54.
Bxe2 Nxe2 55. a5 Bd6 56. a6 Bb8 57. Bxh6 Ke5 58. Be3 Ba7 59. b4 cxb4 60. Bxa7 b3
61. Bb8+ Kd4 62. a7 b2 63. a8=Q b1=Q 64. Qd5+ Kc3 65. Be5+ Kb3 66. Qb7+ Kc2 67.
Qxb1+ Kxb1 68. h5 1-0

[Event "PRO League Group Stage"]
[Site "chess.com INT"]
[Date "2018.03.07"]
[Round "9"]
[White "Bordi, Kevin"]
[Black "Orndahl, Markus"]
[Result "1/2-1/2"]
[WhiteElo "2282"]
[BlackElo "2186"]
[WhiteTeam "Cannes Blockbusters"]
[BlackTeam "Stockholm Snowballs"]
[WhiteFideId "621862"]
[BlackFideId "1709135"]
[EventDate "2018.01.18"]

1. g4 d5 2. Bg2 c6 3. g5 e5 4. d4 e4 5. c4 Bb4+ 6. Bd2 Qxg5 7. Kf1 Bxd2 8. Qxd2
Qxd2 9. Nxd2 f5 10. Rc1 Be6 11. e3 Nf6 12. Ne2 dxc4 13. Nf4 Bf7 14. Nxc4 Ke7 15.
h4 Nbd7 16. b3 Nd5 17. Ne2 g6 18. h5 Rac8 19. Na5 Rc7 20. hxg6 Bxg6 21. a3 Rhc8
22. b4 b6 23. Nc4 c5 24. dxc5 bxc5 25. b5 N5b6 26. Na5 Ne5 27. Nf4 c4 28. a4 c3
29. Ke2 Rd8 30. Nxg6+ hxg6 31. Rh7+ Kd6 32. Nb7+ Rxb7 33. Rxb7 Nxa4 34. Rxa7 Nd3
35. Rc2 Ndb2 36. Rg7 Kc5 37. Rxg6 Kb4 38. Bh3 Kb3 39. Rc1 Rd2+ 40. Kf1 c2 41.
Rxc2 Kxc2 42. b6 Nxb6 43. Rxb6 Nd3 44. Rf6 Rxf2+ 45. Kg1 f4 46. exf4 Rxf4 47.
Rxf4 Nxf4 48. Bf5 Kd3 49. Kf2 Kd4 50. Bxe4 Kxe4 1/2-1/2

[Event "PRO League Group Stage"]
[Site "chess.com INT"]
[Date "2018.03.07"]
[Round "9"]
[White "Bordi, Kevin"]
[Black "Meier, Georg"]
[Result "1/2-1/2"]
[BlackTitle "GM"]
[WhiteElo "2282"]
[BlackElo "2647"]
[WhiteTeam "Cannes Blockbusters"]
[BlackTeam "Stockholm Snowballs"]
[WhiteFideId "621862"]
[BlackFideId "4675789"]
[EventDate "2018.01.18"]

1. d4 e6 2. Nf3 Nf6 3. Bf4 Be7 4. h3 c5 5. c3 b6 6. e3 O-O 7. Bd3 Ba6 8. O-O Qc8
9. Re1 Bxd3 10. Qxd3 d5 11. Nbd2 Qa6 12. Qxa6 Nxa6 13. Ne5 Rfc8 14. g4 Nb8 15.
Kg2 Nc6 16. Nxc6 Rxc6 17. Nf3 cxd4 18. exd4 b5 19. Ne5 Rcc8 20. Nd3 Nd7 21. a4
a6 22. a5 Rc4 23. Bd2 Bd6 24. b3 Rc7 25. b4 Re8 26. Re2 Rcc8 27. Rae1 Kf8 28. f3
Be7 29. Kg3 Bd6+ 30. Kg2 Rc6 31. h4 Rcc8 32. h5 Be7 33. Kg3 Bd6+ 34. Kg2 Rc6 35.
Kh3 Rc7 36. Kg2 Rcc8 37. Kh3 Rc6 38. Kg2 Rc7 39. Kh3 Rcc8 40. Kg2 1/2-1/2

[Event "PRO League Group Stage"]
[Site "chess.com INT"]
[Date "2018.03.07"]
[Round "9"]
[White "Plat, Vojtech"]
[Black "Mihajlov, Sebastian"]
[Result "1/2-1/2"]
[WhiteTitle "GM"]
[BlackTitle "IM"]
[WhiteElo "2569"]
[BlackElo "2371"]
[WhiteTeam "Riga Magicians"]
[BlackTeam "Oslo Trolls"]
[WhiteFideId "325740"]
[BlackFideId "1512110"]
[EventDate "2018.01.18"]

1. e4 e5 2. Nf3 Nc6 3. Bb5 a6 4. Ba4 Nf6 5. d4 exd4 6. O-O Be7 7. Re1 b5 8. e5
Nd5 9. Bb3 Nb6 10. c3 O-O 11. cxd4 d5 12. exd6 Qxd6 13. d5 Na5 14. Nc3 Nxb3 15.
Qxb3 b4 16. Ne2 Qxd5 17. Qe3 Bc5 18. Qf4 Bd6 19. Qh4 Bb7 20. Bf4 Rfe8 21. Ng3
Nc4 22. Qg4 Bxf4 23. Nh5 Bg5 24. Red1 Re4 25. Qg3 Qf5 26. Qxc7 Bd5 27. Ng3 Bf4
28. Nxf5 Bxc7 29. Rxd5 Nxb2 30. Rd7 Bb6 31. Ne7+ Kf8 32. Nd5 Bd8 33. Rb1 Nd3 34.
Rd1 Nc5 35. Rd6 Be7 36. Nxe7 Kxe7 37. Rc6 Ne6 38. Rb6 a5 39. Rb7+ Ke8 40. Kf1
Nc5 41. Rb5 Na4 42. Rdd5 Rc8 43. g3 Rc1+ 44. Kg2 Rc2 45. Rb8+ Ke7 46. Rb7+ Kf6
47. Ng5 Re7 48. Rbb5 g6 49. Rxa5 Nc3 50. Rd4 Rxa2 51. Rc5 h6 52. Rxb4 Nd1 53.
Nh3 Ne3+ 54. Kf3 Nf5 55. Nf4 Kg7 56. Nh5+ Kh7 57. Nf6+ Kg7 58. Ne4 Ra3+ 59. Kg2
Ra2 60. g4 Ne3+ 61. Kf3 Nf1 62. h4 Nh2+ 63. Kg3 Nxg4 64. Kxg4 1/2-1/2

[Event "PRO League Group Stage"]
[Site "chess.com INT"]
[Date "2018.03.07"]
[Round "9"]
[White "Plat, Vojtech"]
[Black "Kobo, Ori"]
[Result "0-1"]
[WhiteTitle "GM"]
[BlackTitle "GM"]
[WhiteElo "2569"]
[BlackElo "2477"]
[WhiteTeam "Riga Magicians"]
[BlackTeam "Oslo Trolls"]
[WhiteFideId "325740"]
[BlackFideId "2812320"]
[EventDate "2018.01.18"]

1. e4 g6 2. d4 Bg7 3. Nc3 d6 4. Be3 a6 5. Qd2 b5 6. Bd3 Nd7 7. a4 b4 8. Nce2 c5
9. Nf3 Bb7 10. h3 Ngf6 11. Ng3 cxd4 12. Bxd4 e5 13. Be3 Qa5 14. Bc4 Qc7 15. Bb3
Nc5 16. Qxb4 Nfxe4 17. Nxe4 Nxe4 18. Rd1 a5 19. Qc4 Qxc4 20. Bxc4 Ke7 21. O-O
Rhc8 22. Bb3 Nc5 23. Bxc5 Rxc5 24. Ng5 d5 25. Rfe1 f6 26. Nf3 Kf8 27. Nd2 Rac8
28. Nb1 f5 29. g4 d4 30. gxf5 gxf5 31. c3 R5c6 32. f4 Rb6 33. Nd2 dxc3 34. bxc3
Rxc3 35. fxe5 Rg6+ 36. Kf1 Rxh3 37. e6 Ke7 38. Rc1 Ba6+ 39. Bc4 Rh1+ 40. Kf2
Rh2+ 41. Kf1 Bd4 0-1

[Event "PRO League Group Stage"]
[Site "chess.com INT"]
[Date "2018.03.07"]
[Round "9"]
[White "Mihajlov, Sebastian"]
[Black "Zwardon, Vojtech"]
[Result "1-0"]
[WhiteTitle "IM"]
[BlackTitle "IM"]
[WhiteElo "2371"]
[BlackElo "2412"]
[WhiteTeam "Oslo Trolls"]
[BlackTeam "Riga Magicians"]
[WhiteFideId "1512110"]
[BlackFideId "325511"]
[EventDate "2018.01.18"]

1. d4 Nf6 2. Nf3 e6 3. e3 b6 4. Bd3 Bb7 5. O-O g5 6. Nxg5 Rg8 7. f4 h6 8. Nf3
Nc6 9. a3 Ne7 10. c4 Nf5 11. Nc3 Ng4 12. Qe1 Qf6 13. h3 Qg7 14. hxg4 Qxg4 15.
Qf2 Ng3 16. e4 f5 17. Nh2 Qg7 18. Re1 O-O-O 19. Nf1 Nh5 20. Be2 Nf6 21. Bf3 Be7
22. exf5 exf5 23. Bxb7+ Kxb7 24. Ne3 Qh7 25. Qf3+ Kb8 26. Ned5 Nxd5 27. Nxd5 Bh4
28. Re3 c6 29. Nc3 Rg3 30. Qe2 Rg4 31. Re8 Rxe8 32. Qxe8+ Kb7 33. Bd2 Qg7 34.
Qe2 Qxd4+ 35. Be3 Qg7 36. Rd1 Bf6 37. Rd2 Kc8 38. c5 b5 39. Qd3 Rg3 40. Nd1 h5
41. Qxf5 h4 42. Kh2 Rxe3 43. Nxe3 Qg3+ 44. Kh1 Qe1+ 45. Nf1 Qxf1+ 46. Kh2 Qe1
47. Qxd7+ Kb8 48. Rd3 Qe4 49. Qd6+ Kb7 50. Qxf6 Qxd3 51. Qxh4 Qe3 52. Qg5 a5 53.
Qg7+ Ka6 54. Qe5 Qf2 55. Kh3 b4 56. a4 b3 57. f5 Qc2 58. f6 Qh7+ 59. Kg3 Qg6+
60. Kf3 Qd3+ 61. Kf4 Qd2+ 62. Kf5 Qxg2 63. Ke6 Qg6 64. Ke7 Qg8 65. f7 Qb8 66.
Qe2+ Ka7 67. f8=Q Qb4 68. Qf7 Qxc5+ 69. Kd8+ Kb6 70. Qc7# 1-0

[Event "PRO League Group Stage"]
[Site "chess.com INT"]
[Date "2018.03.07"]
[Round "9"]
[White "Mihajlov, Sebastian"]
[Black "Kantans, Toms"]
[Result "1-0"]
[WhiteTitle "IM"]
[BlackTitle "GM"]
[WhiteElo "2371"]
[BlackElo "2478"]
[WhiteTeam "Oslo Trolls"]
[BlackTeam "Riga Magicians"]
[WhiteFideId "1512110"]
[BlackFideId "11602945"]
[EventDate "2018.01.18"]

1. d4 Nf6 2. Nf3 g6 3. c4 Bg7 4. Nc3 d5 5. Qb3 dxc4 6. Qxc4 O-O 7. e4 Na6 8. Be2
c5 9. d5 e6 10. O-O exd5 11. exd5 Re8 12. Rd1 Bf5 13. Bg5 h6 14. Be3 Ng4 15. Bf4
Qb6 16. h3 Ne5 17. Nxe5 Bxe5 18. Bxe5 Rxe5 19. b3 Rd8 20. Qf4 Ree8 21. Bb5 Bd7
22. Bxa6 Qxa6 23. Ne4 Bf5 24. Nxc5 Qa3 25. Rac1 b6 26. Nb7 Rd7 27. Rc7 g5 28.
Qg3 Ree7 29. d6 Re8 30. h4 Qxa2 31. hxg5 h5 32. Rxd7 Bxd7 33. g6 Qe2 34. gxf7+
Kxf7 35. Rd4 Qe1+ 36. Kh2 Qe5 37. Rf4+ Ke6 38. Qg6+ Kd5 39. g3 Kc6 40. Qc2+ Kxb7
41. Qc7+ Ka8 42. Qxd7 h4 43. Qc6+ Kb8 44. Rxh4 Rf8 45. Kg2 Qe2 46. Qc7+ Ka8 47.
Rf4 Rxf4 48. Qc8# 1-0

[Event "PRO League Group Stage"]
[Site "chess.com INT"]
[Date "2018.03.07"]
[Round "9"]
[White "Hevia Alejano, Carlos Antonio"]
[Black "Smirnov, Anton"]
[Result "1-0"]
[WhiteTitle "GM"]
[BlackTitle "GM"]
[WhiteElo "2488"]
[BlackElo "2527"]
[WhiteTeam "Rio Grande Ospreys"]
[BlackTeam "Australia Kangaroos"]
[WhiteFideId "3508811"]
[BlackFideId "3208923"]
[EventDate "2018.01.18"]

1. e4 c5 2. Nf3 d6 3. d4 cxd4 4. Nxd4 Nf6 5. Nc3 a6 6. Be3 e5 7. Nf3 Qc7 8. a4
b6 9. Nd2 Nbd7 10. Bc4 Bb7 11. O-O Be7 12. Bg5 O-O 13. Qe2 h6 14. Bxf6 Nxf6 15.
Rfd1 Rfc8 16. Bb3 Bc6 17. Nc4 b5 18. axb5 axb5 19. Rxa8 Rxa8 20. Ne3 Qb6 21.
Ncd5 Bxd5 22. Nxd5 Nxd5 23. Bxd5 Ra7 24. g3 g6 25. Rd3 b4 26. Rf3 Bg5 27. Qc4
Kg7 28. Bxf7 Qd4 29. Qxd4 exd4 30. Bc4 Bf6 31. Rd3 Ra1+ 32. Kg2 Rc1 33. Rd2 g5
34. b3 Be5 35. f3 Bf6 36. f4 Re1 37. Bd3 Kf7 38. Kf3 Kg7 39. Kg4 Kf7 40. Rf2 Kg7
41. Kf5 Kf7 42. Bc4+ Kg7 43. Bd5 Bd8 44. Ke6 gxf4 45. gxf4 Rg1 46. Kxd6 Bh4 47.
Rf3 Rg2 48. e5 Rxc2 49. f5 Rd2 50. f6+ Kg6 51. f7 1-0

[Event "PRO League Group Stage"]
[Site "chess.com INT"]
[Date "2018.03.07"]
[Round "9"]
[White "Hevia Alejano, Carlos Antonio"]
[Black "Kuybokarov, Temur"]
[Result "1/2-1/2"]
[WhiteTitle "GM"]
[BlackTitle "IM"]
[WhiteElo "2488"]
[BlackElo "2472"]
[WhiteTeam "Rio Grande Ospreys"]
[BlackTeam "Australia Kangaroos"]
[WhiteFideId "3508811"]
[BlackFideId "14203049"]
[EventDate "2018.01.18"]

1. e4 c6 2. d4 d5 3. e5 Bf5 4. Nf3 e6 5. Nbd2 c5 6. Bb5+ Nc6 7. dxc5 Bxc5 8. O-O
Bb6 9. Nb3 Bg4 10. h3 Bh5 11. a4 a6 12. Bxc6+ bxc6 13. a5 Ba7 14. Be3 Bxe3 15.
fxe3 Ne7 16. Qe1 O-O 17. Nfd4 Qb8 18. Qh4 c5 19. Qxh5 cxd4 20. exd4 Nf5 21. Qf3
Qb4 22. Qd3 Qc4 23. Rfd1 Rfb8 24. Ra2 Rb4 25. Qxc4 dxc4 26. Nc5 Ne3 27. Rd2 Rxb2
28. c3 Rb1+ 29. Kf2 Nd1+ 30. Kf3 Nxc3 31. Rac2 Nb5 32. Rxc4 h6 33. Ne4 Ra1 34.
d5 exd5 35. Rxd5 Rxa5 36. Rd7 Re8 37. Nd6 Rxe5 38. Rc8+ Kh7 39. Nxf7 Rf5+ 40.
Kg3 Rxf7 41. Rxf7 Nd6 42. Rcc7 Nxf7 43. Rxf7 Rg5+ 44. Kf3 Kg6 45. Ra7 Rf5+ 46.
Kg4 Rg5+ 47. Kf3 Rf5+ 48. Kg4 Rf6 49. h4 Rb6 50. h5+ Kf6 51. Kh4 Rb4+ 52. g4 Ra4
53. Kg3 Ra1 54. Kf4 Ra4+ 55. Kf3 Ra1 56. Kf4 a5 57. Ra6+ Kf7 58. Ra7+ Kg8 59.
Ra8+ Kf7 60. Kf5 Rf1+ 61. Ke5 Re1+ 62. Kf5 Rf1+ 63. Ke5 Ra1 64. Kf5 Rf1+ 65. Ke5
Re1+ 66. Kf5 Rf1+ 67. Ke5 Re1+ 68. Kf5 Rf1+ 1/2-1/2

[Event "PRO League Group Stage"]
[Site "chess.com INT"]
[Date "2018.03.07"]
[Round "9"]
[White "Yu, Yangyi"]
[Black "Nakamura, Hikaru"]
[Result "1/2-1/2"]
[WhiteTitle "GM"]
[BlackTitle "GM"]
[WhiteElo "2760"]
[BlackElo "2781"]
[WhiteTeam "Chengdu Pandas"]
[BlackTeam "Seattle Sluggers"]
[WhiteFideId "8603820"]
[BlackFideId "2016192"]
[EventDate "2018.01.18"]

1. e4 e5 2. Nf3 Nc6 3. Bb5 Nf6 4. O-O Nxe4 5. Re1 Nd6 6. Nxe5 Be7 7. Bf1 Nf5 8.
Bd3 Nxe5 9. Bxf5 d6 10. Bxc8 Rxc8 11. d4 Ng6 12. Nd2 O-O 13. Nf3 Qd7 14. Qd3
Rfe8 15. Bd2 Nh4 16. Re2 1/2-1/2

[Event "PRO League Group Stage"]
[Site "chess.com INT"]
[Date "2018.03.07"]
[Round "9"]
[White "Yu, Yangyi"]
[Black "Margvelashvili, Giorgi"]
[Result "1-0"]
[WhiteTitle "GM"]
[BlackTitle "GM"]
[WhiteElo "2760"]
[BlackElo "2530"]
[WhiteTeam "Chengdu Pandas"]
[BlackTeam "Seattle Sluggers"]
[WhiteFideId "8603820"]
[BlackFideId "13602926"]
[EventDate "2018.01.18"]

1. e4 c6 2. d4 d5 3. e5 Bf5 4. Nf3 e6 5. Be2 Nd7 6. O-O Ne7 7. c3 Ng6 8. Ne1 f6
9. f4 fxe5 10. fxe5 Be7 11. Nd2 Bg5 12. g4 Bxd2 13. gxf5 Bxc1 14. Qxc1 exf5 15.
Rxf5 Qe7 16. Ng2 O-O-O 17. Qg5 Rdf8 18. Raf1 Rxf5 19. Rxf5 Rf8 20. Rxf8+ Ndxf8
21. Bg4+ Kc7 22. Qxe7+ Nxe7 23. h4 Kd8 24. Kf2 Ke8 25. h5 Kf7 26. Nf4 g5 27.
hxg6+ hxg6 28. Kg3 g5 29. Bh5+ Kg7 30. Nh3 Kh6 31. Kg4 Nh7 32. Be8 b6 33. b4 a5
34. bxa5 bxa5 35. a4 Kg7 36. Nxg5 Nf8 37. Kh5 Nfg6 38. Ne6+ Kh7 39. Kg5 Nh8 40.
Nd8 Kg7 41. Nxc6 Nf7+ 42. Bxf7 1-0

[Event "PRO League Group Stage"]
[Site "chess.com INT"]
[Date "2018.03.07"]
[Round "9"]
[White "Urkedal, Frode"]
[Black "Kantane, Anna"]
[Result "1/2-1/2"]
[WhiteTitle "GM"]
[BlackTitle "WIM"]
[WhiteElo "2572"]
[BlackElo "2243"]
[WhiteTeam "Oslo Trolls"]
[BlackTeam "Riga Magicians"]
[WhiteFideId "1506102"]
[BlackFideId "1135988"]
[EventDate "2018.01.18"]

1. d4 Nf6 2. c4 c5 3. d5 e6 4. Nc3 exd5 5. cxd5 d6 6. Nf3 g6 7. Bf4 a6 8. a4 Bg7
9. e3 O-O 10. h3 Qe7 11. Nd2 Nbd7 12. Be2 Ne5 13. O-O Bd7 14. a5 Rab8 15. Qb3 h6
16. Qb6 Rfd8 17. Nc4 Nxc4 18. Bxc4 Bf5 19. Rfe1 g5 20. Bh2 Ne4 21. Nxe4 Bxe4 22.
Rac1 Rbc8 23. b4 cxb4 24. Qxb4 Rc5 25. Ba2 Rb5 26. Qa4 Bb2 27. Rc4 Bxd5 28. Rc2
Be4 29. Rc4 Bd5 30. Rc2 Be4 31. Rc4 Bd5 1/2-1/2